| 000 | 00674nam a22002297a 4500 | ||
|---|---|---|---|
| 003 | OSt | ||
| 005 | 20180116183033.0 | ||
| 008 | 160209b xxu||||| |||| 00| 0 eng d | ||
| 020 | _a9781784152130 | ||
| 022 | _a9781784152277 | ||
| 040 | _c0 | ||
| 050 | _a657 | ||
| 082 | _a657 ACC 2015 | ||
| 100 | _aKaplan Publishing | ||
| 110 | _aKaplan publishing. | ||
| 245 |
_aACCA Text Paper F5 Performance Management (PM). _bComplete Text- Vailid for September 2015 _cKaplan Publishing. |
||
| 260 |
_aUK _bKaplan Publishing. _c2015. |
||
| 300 |
_a484+2 p. _bPB |
||
| 440 | _aACCA Text Paper F5 Performance Management (PM). | ||
| 500 | _aPaper Cover | ||
| 942 |
_2ddc _cBK _k657 |
||
| 999 |
_c351110 _d351110 |
||